[Event "Paris-ch op-B"]
[Site "Paris"]
[Date "2009.07.10"]
[Round "7"]
[White "Durand, Sylvain"]
[Black "Lorrain, Olivier"]
[Result "1-0"]
[WhiteElo "1856"]
[BlackElo "1814"]
[PlyCount "59"]
[EventDate "2009.07.04"]
[EventType "swiss"]
[EventRounds "9"]
[EventCountry "FRA"]
[SourceTitle "EXT 2010"]
[Source "ChessBase"]
[SourceDate "2010.11.25"]
[SourceVersion "1"]
[SourceVersionDate "2010.11.25"]
[SourceQuality "1"]

1. e4 c5 2. Nf3 d6 3. d4 cxd4 4. Nxd4 Nf6 5. Nc3 g6 6. Be2 Bg7 7. Be3 Nc6 8. 0-0 0-0 9. Kh1 Bd7 10. Qd2 Nxd4 11. Bxd4 Bc6 12. Bd3 Nd7 13. Bxg7 Kxg7 14. f4 Nc5 15. Bc4 Nd7 16. Rf3 Nf6 17. Re1 e5 18. Qf2 Ng4 19. Qg3 f5 20. Bd5 Bxd5 21. Nxd5 h5 22. exf5 Rxf5 23. h3 Nf6 24. Ne3 Rxf4 25. Rxf4 exf4 26. Qxf4 Qd7 27. Rf1 Qe7 28. Qg5 Qf7 29. Nf5+ Kh7 30. Nxd6 1-0

[Event "Paris-ch op-B"]
[Site "Paris"]
[Date "2009.07.07"]
[Round "4"]
[White "Lorrain, Olivier"]
[Black "Mongey, Alain"]
[Result "1-0"]
[WhiteElo "1814"]
[BlackElo "1608"]
[PlyCount "83"]
[EventDate "2009.07.04"]
[EventType "swiss"]
[EventRounds "9"]
[EventCountry "FRA"]
[SourceTitle "EXT 2010"]
[Source "ChessBase"]
[SourceDate "2010.11.25"]
[SourceVersion "1"]
[SourceVersionDate "2010.11.25"]
[SourceQuality "1"]

1. d4 d5 2. Nc3 Nf6 3. Bg5 e6 4. e4 dxe4 5. Nxe4 Be7 6. Bxf6 Bxf6 7. Nf3 Nd7 8. Qd2 b6 9. 0-0-0 Bb7 10. Bd3 h6 11. h4 a5 12. Qf4 a4 13. Ne5 Qe7 14. Bb5 Bxe5 15. dxe5 Rd8 16. Rd2 0-0 17. Re1 Bxe4 18. Rxe4 Nc5 19. Red4 Rxd4 20. Qxd4 Ra8 21. a3 Ra5 22. Qd8+ Qxd8 23. Rxd8+ Kh7 24. Be8 Ne4 25. Bxf7 Rxe5 26. h5 g6 27. hxg6+ Kg7 28. f3 Nd6 29. Rg8+ Kf6 30. Rh8 Nxf7 31. gxf7 Kxf7 32. Rxh6 Rg5 33. g4 b5 34. Rh7+ Rg7 35. Rxg7+ Kxg7 36. Kd2 Kf6 37. Ke3 c5 38. f4 b4 39. c3 bxa3 40. bxa3 Kg6 41. Ke4 Kf6 42. g5+ 1-0